Top 10 meest gebruikte passagiersvliegtuigen naam + typenaam - Statistieken

Algemene statistieken
  • Deze quiz is 4 keer genomen
  • De gemiddelde score is 4 van 10
Antwoordstatistieken
Antwoord % Correct
Airbus A320
100%
Airbus A330
100%
Boeing 737
100%
Boeing 777
67%
Boeing 787
67%
ATR
0%
Bombardier CRJ
0%
Embraer E
0%
Embraer ERJ
0%
Havilland DHC
0%
Geen overeenkomende quizzen gevonden
Scoreverdeling
Procent van Mensen met Elke Score
Percentiel versus Aantal Correcte Antwoorden
Uw Scoregeschiedenis
U heeft deze quiz nog niet genomen